00295nam a2200109 a 4500008004100000020001500041050001500056100001900071245005500090260003100145350000900176120416s0000 ||||||||||||||||| || u a0908311958 aRA 784 Jac aJackson, Tilly10aIts not what you are eating, its what`s eating you aHararebBaobab Booksc1997 a0.00